000 00922cam a22002771 4500
001 75256
003 BD-RjUL
005 20211209082650.0
008 831011s1954 fr a 000 0 eng
035 _a(BD-RjUL)75474
035 _a(OCoLC)10003548
040 _aDLC
_cPBL
_dDLC
_beng
041 _aeng
082 _a633.2
_223
_bORP 1954
110 2 _aOrganisation for European Economic Co-operation.
_9227899
245 1 0 _aPasture and fodder production in north-west Europe./
_cOrganisation for European Economic Co-operation.
260 _aParis:
_bThe organisation for European Economic co-operation ,
_c1954.
300 _a177 p.
_btables.
_c24 cm.
490 _aTechnical Assistance Mission ; No. 123.
650 0 _aPastures.
_9227900
650 0 _aForage plants
_zEurope.
_9227901
906 _a7
_bcbc
_coclcrpl
_du
_encip
_f19
_gy-gencatlg
942 _2ddc
_cBK
999 _c75256
_d75256